000 00606nam a2200229 a 4500
001 BRCA_8182
005 20190320210151.0
008 080514s1958----nyua###f##---#000-0#eng-#
041 _aeng
044 _anyu
050 4 _aPZ4
_bU76
_c1958
100 1 _aUris, Leon
_920393
245 1 0 _aExodus
_ba novel of Israel
_cLeon Uris.
260 _aNueva York
_bDoubleday
_c1958
300 _a626 p.
_bil., mapas
_c22 cm.
500 _aX91
650 1 4 _aÉxodo
_vHistoria
_920394
650 1 4 _aJudíos
_vMigración e inmigración
_920395
651 4 _aIsrael
_vHolocausto
_920396
902 _aGFM
942 _2lcc
_cB
999 _c7850
_d7850